| 000 | 00000nam##2200000za#4500 |
| 001 | 9.591548 |
| 003 | CaOODSP |
| 005 | 20210624200717 |
| 007 | cr ||||||||||| |
| 008 | 150406|2003||||xxc|||||o f|0| 0 fre|d |
| 020 | |a0-662-75361-5 |
| 040 | |aCaOODSP|bfre |
| 043 | |an-cn--- |
| 086 | 1 |aRH63-2/017-04-03F-PDF |
| 110 | 1 |aCanada.|bDéveloppement des ressources humaines Canada. |
| 245 | 10|aDans quelle mesure les ménages réduisent-ils leurs dépenses à la suite du chômage? : |h[ressource électronique]|brapport final |
| 260 | |aOttawa - Ontario : |bDéveloppement des ressources humaines Canada |cAvril 2003. |
| 300 | |a27p.|btableaux |
| 490 | 1 |aÉvaluation et développement|vSP-ML-017-04-03F |
| 590 | |a13-05-Supp|b2013-02-27 |
| 691 | 07|aRevenu familial|2gcpds |
| 691 | 07|aChômage|2gcpds |
| 775 | 08|tTo what extent is household spending reduced as a result of unemployment? : |w(CaOODSP)9.558707 |
| 830 | #0|aÉvaluation et développement ;|vSP-ML-017-04-03F|w(CaOODSP)9.501127 |
| 856 | 40|ahttp://publications.gc.ca|qPDF|s601 Ko|uhttps://publications.gc.ca/collections/collection_2013/rhdcc-hrsdc/RH63-2-017-04-03-fra.pdf|ySP-ML-017-04-03F |